000 00311nam a2200133Ia 4500
005 20260328104304.0
008 260328s9999||||xx |||||||||||||| ||und||
100 _aSmith, Adam
245 0 _aRiqueza de las Naciones /
_cAdam Smith
260 _bOrbis
300 _a441 p.
650 _aECONOMIA
942 _cBK
999 _c10699
_d10699